Оценка эффективности метода акустической эмиссии при техническом диагностировании объектов; Техническая диагностика и неразрушающий контроль; № 4

Մատենագիտական մանրամասներ
Parent link:Техническая диагностика и неразрушающий контроль: научно-технический и производственный журнал/ Национальная академия наук Украины (НАНУ), Институт электросварки им. Е. О. Патона (ИЭС) ; Международная ассоциация "Сварка".— , 1990-1993, 2001-.— 0235-3474
№ 4.— 2004.— С. 11-14
Հիմնական հեղինակ: Антипенко Е. И.
Այլ հեղինակներ: Висиловский Н. Г., Кельрих М. Б.
Լեզու:ռուսերեն
Հրապարակվել է: 2004
Շարք:Техническая диагностика
Խորագրեր:
Ձևաչափ: Գրքի գլուխ
KOHA link:https://koha.lib.tpu.ru/cgi-bin/koha/opac-detail.pl?biblionumber=395312

MARC

LEADER 00000naa2a2200000 4500
001 395312
005 20231101064616.0
035 |a (RuTPU)RU\TPU\prd\32562 
090 |a 395312 
100 |a 20050208a2004 k y0rusy50 ca 
101 0 |a rus 
102 |a un 
200 1 |a Оценка эффективности метода акустической эмиссии при техническом диагностировании объектов  |f Е. И. Антипенко, Н. Г. Висиловский, М. Б. Кельрих 
225 1 |a Техническая диагностика 
320 |a Библиогр.: 8 назв. 
461 1 |0 (RuTPU)RU\TPU\prd\1736  |x 0235-3474  |t Техническая диагностика и неразрушающий контроль  |o научно-технический и производственный журнал  |f Национальная академия наук Украины (НАНУ), Институт электросварки им. Е. О. Патона (ИЭС) ; Международная ассоциация "Сварка"  |d 1990-1993, 2001- 
463 1 |0 (RuTPU)RU\TPU\prd\32009  |t № 4  |v С. 11-14  |d 2004 
610 1 |a метод акустической эмиссии 
610 1 |a техничекое диагностирование 
610 1 |a диагностирование 
610 1 |a нормативная документация 
610 1 |a сроки эксплуатации 
675 |a 621.129.16  |v 3 
700 1 |a Антипенко  |b Е. И. 
701 1 |a Висиловский  |b Н. Г. 
701 1 |a Кельрих  |b М. Б. 
801 1 |a RU  |b 63413507  |c 20050208  |g PSBO 
801 2 |a RU  |b 63413507  |c 20140128  |g RCR 
942 |c BK